Administratívna náročnosť riadenia na úrovni OPS a v poľnohospodárskom podniku etapová úloha SPEV 903 529 305-01/09
Uložené v:
| Hlavný autor: | |
|---|---|
| Médium: | Kniha |
| Jazyk: | Slovak |
| Vydavateľské údaje: |
Bratislava
Výskumný ústav ekonomiky poľnohospodárstva a potravinárstva
1984
|
| Tagy: |
Žiadne tagy, Buďte prvý, kto otaguje tento záznam!
|
MARC
| LEADER | 00000nam a2200000 4500 | ||
|---|---|---|---|
| 001 | c106921 | ||
| 005 | 20221128065232.5 | ||
| 041 | 0 | |a slo | |
| 044 | |a SK | ||
| 245 | 1 | 0 | |a Administratívna náročnosť riadenia na úrovni OPS a v poľnohospodárskom podniku |b etapová úloha SPEV 903 529 305-01/09 |c Eva Baumgartnerová |
| 264 | 1 | |a Bratislava |b Výskumný ústav ekonomiky poľnohospodárstva a potravinárstva |c 1984 | |
| 300 | |a 42 s. | ||
| 100 | 1 | |a Baumgartnerová, Eva | |